| 000 | 00823nam a2200229 a 4500 | ||
|---|---|---|---|
| 001 | BRL_638 | ||
| 005 | 20190320210830.0 | ||
| 008 | 170913s1992----sp-a######---#000-i#cat-# | ||
| 041 | _acat | ||
| 044 | _asp | ||
| 050 | 4 |
_aPN2782 _b.F47 1992 |
|
| 111 | 2 |
_aFestival d´Elx de Teatre i Música Medieval _n2 _d28 de octubre al 1 de noviembre _cValencia _924490 |
|
| 245 | 1 | 0 | _aII Festival D´Elx de Teatre I Música Medieval, (28 d´octubre a I de novembre 1992) |
| 260 |
_aValencia _bAjuntament D´elx _c1992 |
||
| 300 |
_a53 p. _bil. (algunas a color) _c34 cm. |
||
| 500 | _aAu650 | ||
| 650 | 1 | 4 |
_aTeatro _vCongresos _xHistoria _yMedieval, 500-1500 _zEspaña _924491 |
| 650 | 1 | 4 |
_aTeatro medieval _vCongresos _xHistoria y crítica _924492 |
| 650 | 1 | 4 |
_aMúsica medieval _vCongresos _zEspaña _924493 |
| 902 | _aGRL | ||
| 942 |
_2lcc _cB |
||
| 999 |
_c9450 _d9450 |
||